01748 a2200193 4500003000500000005001700005010001600022020003400038040000900072082001200081100002300093245007300116260002400189300003300213490001700246505124900263650002201512700002001534NUST20221202143557.0 a 73017668 a8120319575a0471322466 (pbk.) cNust00a537,PRA1 aPramanik, Ashutosh10aElectromagnetism :bTheory and Applications /c I. Ashutosh Pramanik aDelhibWileyc 2003 axiv, 803 p.:billus.c24 cm.0 aThe series aVector Analysis (Page-1), The Electrostatics Field in Free Space (Page-35), Conductors and Insulators in Electrostatic in Electronic Field (Page-59), Energy and Mechanical Forces in Electrostatic Fields (Page-90), Methods of Solving Electrostatic Field Problems (Page-104), Approximate Methods of Solving Electrostatics Field Problems (Page-153), Steady Electric Current and Electric Field (Page-189), Magnetic Field of Study Currents in Free Space (Page-204), Magnetic Field of Study Currents in Presence of Magnetic Materials (Page-238), Methods of Solving Magneto static Field Problem (Page-263), Time – Varying Fields and Electromagnetic Induction (Page-304), Forces and Energy in the Static and Quasi- Static Magnetic Fields (Page-399), Maxwell’s Equations (Page-375), Vector Potential (Page-394), Energy Transfer in Electromagnetic Fields and Poynting Vector (Page-421), Time-Varying Field in Conductor (Magnetic Diffusion) (Page-447), Charge Relaxation (Page-508), Electromagnetic Waves (Page-526), Waveguides (Page-590), Radiation and Reception of Electromagnetic Waves (Page-636), Electromagnetism and Special Relativity (Page-674), Numerical Methods for and Computer Solutions of Electromagnetic Field Problems (Page-716).  0aElectromagnetism.1 aPhillips, W. R.